| 000 | 00779 a2200289 4500 | ||
|---|---|---|---|
| 001 | 200421793 | ||
| 650 | 0 | 0 |
_aTurkish poetry _988558 |
| 999 |
_c200421793 _d27129 |
||
| 003 | TR-AnTOB | ||
| 005 | 20230720000944.0 | ||
| 008 | 150414s tu 000 0 | ||
| 020 | _a9789738833555 | ||
| 040 |
_aTR-AnTOB _btur _erda |
||
| 041 | 0 | _atur | |
| 050 | 0 | 0 |
_aPL232.M4. _bD88 2007 |
| 090 | _aPL232.M4. D88 2007 | ||
| 100 | 1 |
_aMemiş, Hayat _9105559 |
|
| 245 | 1 | 0 |
_aDüş bahçem =Gradina viselor Mele / _cHayat Memiş. |
| 246 | 1 | 3 | _aGradina viselor Mele |
| 264 |
_aAnkara : _bEditura Golden, _c2007 |
||
| 300 |
_a119 sayfa: _c30 cm. |
||
| 336 |
_atext _2rdacontent |
||
| 337 |
_aunmediated _2rdamedia |
||
| 338 |
_avolume _2rdacarrier |
||
| 650 | 0 | 7 |
_aTürk şiiri _2etuturkob _984273 |
| 942 | _cBK | ||